Opúsculos castellanos de Ambrosio de Morales ...: (Record no. 160124)

MARC details
000 -LEADER
campo de control de longitud fija 01533nam a2200289 i 4500
001 - NÚMERO DE CONTROL
campo de control 160124
003 - IDENTIFICADOR DE NÚMERO DE CONTROL
campo de control ES-MaACL
005 - FECHA Y HORA DE LA ÚLTIMA TRANSACCIÓN
campo de control 20251005063125.0
008 - DATOS DE LONGITUD FIJA--INFORMACIÓN GENERAL
campo de control de longitud fija 931025s1793 sp a |||| | spa d
040 ## - FUENTE DE CATALOGACIÓN
Centro catalogador/agencia de origen CYL
Lengua de catalogación spa
Centro/agencia transcriptor PAB
100 1# - ENTRADA PRINCIPAL--NOMBRE DE PERSONA
Nombre de persona Morales, Ambrosio de,
Fechas asociadas al nombre 1513-1591
9 (RLIN) 82970
245 10 - MENCIÓN DEL TÍTULO
Título Opúsculos castellanos de Ambrosio de Morales ...:
Resto del título a los que se han añadido otros varios ... : tomo primero [- tomus III].
250 ## - MENCION DE EDICION
Mención de edición Ahora por la primera vez impresos, ordenados, y anotados .../ por el P. Fr. Francisco Valerio Cifuentes...
260 ## - PUBLICACIÓN, DISTRIBUCIÓN, ETC.
Lugar de publicación, distribución, etc. Madrid :
Nombre del editor, distribuidor, etc. en la oficina de D. Benito Cano,
Fecha de publicación, distribución, etc. 1793.
300 ## - DESCRIPCIÓN FÍSICA
Extensión 3 t. (XII, 476 p. ; 398 p., [2] en bl., [1] h. de lám. pleg.; 280 p. ;
Dimensiones 22 cm.
505 8# - NOTA DE CONTENIDO CON FORMATO
Nota de contenido con formato t. 2: Noticias historicas sacadas del Archivo de Uclès ... y del testamento del infante Don Enrique con un cronicon hasta ahora no publicado -- t. 3: Ambrosii Morales Opuscula historica ...
530 ## - NOTA DISPONIBLE DE FORMULARIO FÍSICO ADICIONAL
Nota de formato físico adicional disponible Disponible en formato digital.
546 ## - NOTA DE IDIOMA
Nota de lengua/lenguaje Tomo 3 en latín.
594 ## - Nota al título y mención de responsabilidad
Nota al título y mención de responsabilidad El tomo III compuesto por opúsculos latinos.
597 ## - NOTA DE DESCRIPCIÓN FÍSICA
NOTA DE DESCRIPCIÓN FÍSICA Sign. : *4, 2*², A-3N4, 3O² ; A-3D4 ; Az 4, 2A-2M4.
597 ## - NOTA DE DESCRIPCIÓN FÍSICA
NOTA DE DESCRIPCIÓN FÍSICA Cada tomo contiene varios opúsculos, todos con portadilla propia.
599 ## - NOTA A LAS ILUSTRACIONES
NOTA A LAS ILUSTRACIONES Portadas con orla calcográfica: "Xo ft"
700 0# - ENTRADA AGREGADA--NOMBRE PERSONAL
Nombre de persona Cifuentes, Francisco Valerio.
9 (RLIN) 38804
852 ## - LOCALIZACIÓN
Ubicación ES-MaACL
Número de control de estantería R-311-13
Nota libre -- Enc. pasta española
Encuadernación Olim: B-219-221
856 ## - LOCALIZACIÓN Y ACCESO ELECTRÓNICOS
Identificador Uniforme de Recursos <a href="http://bdh-rd.bne.es/viewer.vm?id=0000008338&page=1 ">http://bdh-rd.bne.es/viewer.vm?id=0000008338&page=1 </a>
Nota pública Biblioteca Digital Hispánica
Holdings
Estatus retirado Estado de pérdida Estado de daño No para préstamo Colección Biblioteca de origen Biblioteca actual Ubicación en estantería Fecha de adquisición Total de préstamos Signatura topográfica completa Código de barras Visto por última vez Precio de reemplazo Tipo de ítem Koha
        Colección digital Biblioteca del Ateneo de Madrid Biblioteca del Ateneo de Madrid Depósito 17/01/2008   R-311-13 1167639 23/02/2023 23/02/2023 Libro impreso antiguo